| 000 | 01140nam a2200277Ia 4500 | ||
|---|---|---|---|
| 003 | OSt | ||
| 005 | 20221012155346.0 | ||
| 008 | 191128s2013 ck a br 000 1 spa d | ||
| 020 | _a9789583002588 | ||
| 040 |
_aCO-JMCR _cCO-JMCR |
||
| 041 | _aspa | ||
| 082 | 0 | 4 |
_aN / _2SAIp |
| 100 |
_aSaint-Exupéry, Antoine de, _d1900-1944, _eautor _937173 |
||
| 245 | 0 |
_aEl principito / _cAntoine de Saint-Exupéry; traducción Lirca Vallés |
|
| 250 | _aPrimera edición | ||
| 260 |
_aBogotá : _bPanamericana, _c1996 |
||
| 300 |
_a87 páginas : _bilustraciones a color ; _c 23 cm |
||
| 440 |
_aCorcel _91466 |
||
| 500 | _aIlustraciones del autor. | ||
| 520 | _aObserven bien este paisaje para que puedan estar seguros de reconocerlo… Y si pueden llegar hasta allí, les ruego que no se apuren; esperen un poco, exactamente debajo de la estrella. Si un niño se les acerca entonces, si síe, si tienes de oro los cabello | ||
| 534 | _pLe petit prince | ||
| 546 | _aspa | ||
| 650 |
_aCuentos infantiles ; Literatura infantil francesa ; Libros y lecturas para niños-- _91467 |
||
| 799 | _aVallés, Lirca, traductora | ||
| 942 |
_2ddc _cBK |
||
| 999 |
_c3496 _d3496 |
||